000 003230000a22001450004500
005 20120302064959.0
942 _cBOOK
100 _a Ramdas swami
245 _a Man ja shlok
250 _a 1st
260 _aAhemadnagar:Laxman Hardvani;2002.
300 _a103p..-ill
040 _asin
650 _aManache sholk, Sindhi
999 _c363585
_d363582